| 000 | 00640nam a2200193 i 4500 | ||
|---|---|---|---|
| 001 | 128345 | ||
| 003 | ES-MaACL | ||
| 005 | 20230906193237.0 | ||
| 007 | t| | ||
| 008 | 070702s1977 fr ||||1| fre d | ||
| 080 | _a913(569.4): 791.43 | ||
| 245 | 0 | 3 |
_aLa Palestine et le cinéma / _couvrage collectif sous la direction de Guy Hennebelle et Khemaïs Khayati. |
| 260 |
_a[Francia] : _bE. 100, _c[1977] |
||
| 300 |
_a289 p. : _bfot. ; _c24 cm. |
||
| 650 | 4 |
_aCine- _zPalestina. _9171064 |
|
| 700 | 1 |
_aHennebelle, Guy. _962550 |
|
| 700 | 1 |
_aKhayati, Khemaïs. _967990 |
|
| 852 |
_aES-MaACL _jE-11798 _z- Biblioteca Jacinto Martínez Lacalle |
||
| 999 |
_c128345 _d128345 |
||